|
|
|
|
| LEADER |
00000cam a2200000 a 4500 |
| 001 |
68819 |
| 003 |
CZ-ZlUTB |
| 005 |
20240829152543.0 |
| 007 |
ta |
| 008 |
121004s2011 xr a e p 000 0 cze |
| 015 |
|
|
|a cnb002201714
|
| 020 |
|
|
|a 9788087517222
|q (brož.)
|
| 035 |
|
|
|a (OCoLC)817046366
|
| 040 |
|
|
|a ABA001
|b cze
|
| 072 |
|
7 |
|a 37
|x Výchova a vzdělávání
|2 Konspekt
|9 22
|
| 072 |
|
7 |
|a 37.016
|x Učební osnovy. Vyučovací předměty. Učebnice
|2 Konspekt
|9 22
|
| 080 |
|
|
|a 37.01
|2 MRF
|
| 080 |
|
|
|a 373.5.016
|2 MRF
|
| 080 |
|
|
|a 373.6:37
|2 MRF
|
| 080 |
|
|
|a (075.3)
|2 MRF
|
| 100 |
1 |
|
|a Stodůlková, Eva,
|d 1949-
|7 xx0142650
|4 aut
|
| 245 |
1 |
0 |
|a Pedagogika pro střední školy /
|c Eva Stodůlková & Eliška Zapletalová
|
| 250 |
|
|
|a 1. vyd.
|
| 260 |
|
|
|a Beroun :
|b Machart,
|c 2011
|
| 300 |
|
|
|a 214 s. :
|b il. ;
|c 24 cm
|
| 504 |
|
|
|a Obsahuje bibliografie
|
| 650 |
0 |
7 |
|a pedagogika
|7 ph115703
|2 czenas
|
| 650 |
0 |
7 |
|a učivo středních škol
|7 ph136702
|2 czenas
|
| 650 |
0 |
7 |
|a střední pedagogické školy
|7 ph170114
|2 czenas
|
| 650 |
0 |
9 |
|a educational science
|2 eczenas
|
| 650 |
0 |
9 |
|a secondary school curriculum
|2 eczenas
|
| 650 |
0 |
9 |
|a secondary schools of education
|2 eczenas
|
| 655 |
|
7 |
|a učebnice středních škol
|7 fd133771
|2 czenas
|
| 655 |
|
9 |
|a textbooks (secondary)
|2 eczenas
|
| 700 |
1 |
|
|a Zapletalová, Eliška,
|d 1953-
|7 xx0142188
|4 aut
|
| 910 |
|
|
|a ZLD002
|
| 928 |
1 |
|
|a Machart
|
| 952 |
|
|
|0 0
|1 0
|4 0
|6 37STODŮLKOVÁE
|7 0
|8 BOOK
|9 124866
|a UTBZL
|b UTBZL
|c 006
|d 2013-12-17
|l 9
|m 7
|o 37/STODŮLKOVÁ,E.
|p 420010151336
|r 2026-03-25 12:22:34
|s 2026-01-23
|v 299.00
|w 2019-08-26
|x N:nákup;převod z FHS, Szimethová 21.9.2015;
|y 04
|
| 992 |
|
|
|a BK
|b SK
|d 2
|
| 901 |
|
|
|b 9788087517222
|f 1. vyd.
|o 20121009
|
| 998 |
|
|
|a 002201714
|
| 999 |
|
|
|c 68819
|d 68819
|